Оптимизация прикладных задач. Вводный курс: учебное пособие

التفاصيل البيبلوغرافية
مؤلفون آخرون: Учаев П. Н. Петр Николаевич (редактор), Емельянов С. Г. Сергей Геннадьевич, Учаева К. П. Капиталина Павловна, Яцун Е. И. Елена Ивановна, Борискин В. П. Владимир Петрович, Учаев Н. П. Николай Петрович, Титова А. П. Анна Павловна
الملخص:Изложены основы и алгоритмы решения оптимизационных задач, а также задач с использованием методов одно- и многомерного поиска. Кроме того, показаны преобразования задач условной оптимизации в безусловную. Рассмотрены минимаксные и максиминные задачи.Учебное пособие соответствует федеральному государ­ственному образовательному стандарту и предназначено для студентов вузов, обучающихся по направлению подготовки «Конструкторско-технологическое обеспечение машиностро­ительных производств». Может быть использовано также преподавателями, аспирантами, технологами и конструкто­рами машиностроительных производств.
اللغة:الروسية
منشور في: Старый Оскол, ТНТ, 2014
الموضوعات:
التنسيق: كتاب
KOHA link:https://koha.lib.tpu.ru/cgi-bin/koha/opac-detail.pl?biblionumber=276595

MARC

LEADER 00000nam0a2200000 4500
001 276595
005 20231101234933.0
010 |a 9785941784325 
035 |a (RuTPU)RU\TPU\book\299868 
090 |a 276595 
100 |a 20141124d2014 m y0rusy50 ca 
101 0 |a rus 
102 |a RU 
105 |a a j 001zy 
200 1 |a Оптимизация прикладных задач. Вводный курс  |e учебное пособие  |f П. Н. Учаев [и др.]  |g под ред. П. Н. Учаева 
210 |a Старый Оскол  |c ТНТ  |d 2014 
215 |a 288 с.  |c ил. 
320 |a Библиогр.: с. 283-284. 
320 |a Предм. указ.: с. 285-287. 
330 |a Изложены основы и алгоритмы решения оптимизационных задач, а также задач с использованием методов одно- и многомерного поиска. Кроме того, показаны преобразования задач условной оптимизации в безусловную. Рассмотрены минимаксные и максиминные задачи.Учебное пособие соответствует федеральному государ­ственному образовательному стандарту и предназначено для студентов вузов, обучающихся по направлению подготовки «Конструкторско-технологическое обеспечение машиностро­ительных производств». Может быть использовано также преподавателями, аспирантами, технологами и конструкто­рами машиностроительных производств. 
606 1 |a Оптимизация, теория  |2 stltpush  |3 (RuTPU)RU\TPU\subj\69558  |9 84360 
610 1 |a учебные пособия 
610 1 |a математические основы 
610 1 |a инженерная практика 
610 1 |a оптимизационные задачи 
610 1 |a проектирование 
610 1 |a оптимизационные алгоритмы 
610 1 |a одномерный поиск 
610 1 |a многомерный поиск 
610 1 |a линейное программирование 
610 1 |a симплекс-метод 
610 1 |a нелинейное программирование 
610 1 |a линеаризация 
610 1 |a динамическое программирование 
610 1 |a многокритериальные задачи 
610 1 |a максиминные задачи 
610 1 |a прикладные программы 
610 1 |a научные исследования 
675 |a 519.85(075.8)  |v 4 
701 1 |a Учаев  |b П. Н.  |g Петр Николаевич 
701 1 |a Емельянов  |b С. Г.  |g Сергей Геннадьевич 
701 1 |a Учаева  |b К. П.  |g Капиталина Павловна 
701 1 |a Яцун  |b Е. И.  |g Елена Ивановна 
701 1 |a Борискин  |b В. П.  |g Владимир Петрович 
701 1 |a Учаев  |b Н. П.  |g Николай Петрович 
701 1 |a Титова  |b А. П.  |g Анна Павловна 
702 1 |a Учаев  |b П. Н.  |g Петр Николаевич  |4 340 
801 1 |a RU  |b 63413507  |c 20141124 
801 2 |a RU  |b 63413507  |c 20150522  |g RCR 
900 |a История и методология науки 
900 |a Методология научных исследований 
942 |c BK 
951 |l 8 
959 |a 151/20141124  |d 2  |e 458,00  |f ЧЗТЛ:1  |f АНЛ:1